[Event "Bodenmais op"]
[Site "Bodenmais"]
[Date "2022.08.06"]
[Round "8"]
[White "Hamlack, Heinz"]
[Black "Schoenfeld, Volker"]
[Result "1/2-1/2"]
[WhiteElo "1994"]
[BlackElo "1965"]
[PlyCount "22"]
[EventDate "2022.07.30"]
[EventType "swiss"]
[EventRounds "9"]
[EventCountry "GER"]
[SourceTitle "CBM 209 Extra"]
[Source "ChessBase"]
[SourceDate "2022.09.30"]
[SourceVersion "1"]
[SourceVersionDate "2022.09.30"]
[SourceQuality "1"]

1. d4 Nf6 2. Nf3 d5 3. e3 e6 4. Be2 Bd6 5. c4 c6 6. Nbd2 0-0 7. b3 Nbd7 8. Bb2 Re8 9. Ne5 Ne4 10. Nxe4 dxe4 11. 0-0 Qg5 1/2-1/2

[Event "Bodenmais op"]
[Site "Bodenmais"]
[Date "2022.08.03"]
[Round "5"]
[White "Schoenfeld, Volker"]
[Black "Migl, Dieter"]
[Result "1/2-1/2"]
[WhiteElo "1965"]
[BlackElo "2140"]
[PlyCount "33"]
[EventDate "2022.07.30"]
[EventType "swiss"]
[EventRounds "9"]
[EventCountry "GER"]
[SourceTitle "CBM 209 Extra"]
[Source "ChessBase"]
[SourceDate "2022.09.30"]
[SourceVersion "1"]
[SourceVersionDate "2022.09.30"]
[SourceQuality "1"]

1. e4 c5 2. c3 Nf6 3. e5 Nd5 4. d4 cxd4 5. Qxd4 e6 6. Bc4 Nc6 7. Qe4 Nde7 8. Nf3 Ng6 9. 0-0 Qc7 10. Re1 b6 11. Bb3 Bb7 12. Qe2 Be7 13. a4 f6 14. exf6 gxf6 15. Na3 Bxa3 16. Rxa3 0-0-0 17. Bc4 1/2-1/2

[Event "Altenkirchen Seniors op 18th"]
[Site "Altenkirchen"]
[Date "2021.07.09"]
[Round "8"]
[White "Schoenfeld, Volker"]
[Black "Ranker, Klemens"]
[Result "1-0"]
[WhiteElo "1964"]
[BlackElo "1824"]
[PlyCount "61"]
[EventDate "2021.07.02"]
[EventType "swiss"]
[EventRounds "9"]
[EventCountry "GER"]
[SourceTitle "CBM 203 Extra"]
[Source "ChessBase"]
[SourceDate "2021.09.30"]
[SourceVersion "1"]
[SourceVersionDate "2021.09.30"]
[SourceQuality "1"]

1. d4 d5 2. Nf3 Nf6 3. e3 g6 4. c4 c6 5. Nc3 e6 6. Be2 Bg7 7. b3 0-0 8. Qc2 Re8 9. Ne5 Nfd7 10. f4 f6 11. Nf3 Nb6 12. Bb2 Bd7 13. h4 e5 14. dxe5 fxe5 15. 0-0-0 d4 16. exd4 Bf5 17. Bd3 Bxd3 18. Qxd3 exf4 19. Rde1 Rxe1+ 20. Rxe1 N8d7 21. Qe4 Qf6 22. c5 Nc8 23. Qe8+ Nf8 24. Ne4 Qe7 25. Nd6 Qc7 26. Ng5 Nb6 27. cxb6 Qxd6 28. Qxa8 axb6 29. Qxb7 h6 30. Qf7+ Kh8 31. Ne6 1-0

[Event "Erfurt op-A 29th"]
[Site "Erfurt"]
[Date "2019.12.28"]
[Round "4"]
[White "Schoenfeld, Volker"]
[Black "Heinke, Jasper"]
[Result "0-1"]
[WhiteElo "1968"]
[BlackElo "2066"]
[PlyCount "52"]
[EventDate "2019.12.26"]
[EventType "swiss"]
[EventRounds "8"]
[EventCountry "GER"]
[SourceTitle "CBM 194 Extra"]
[Source "ChessBase"]
[SourceDate "2020.03.31"]
[SourceVersion "1"]
[SourceVersionDate "2020.03.31"]
[SourceQuality "1"]

1. e4 e6 2. d4 d5 3. Nd2 Nf6 4. e5 Nfd7 5. Bd3 c5 6. c3 Nc6 7. Ne2 cxd4 8. cxd4 Qb6 9. Nf3 f6 10. exf6 Nxf6 11. 0-0 Bd6 12. b3 0-0 13. Bb2 Bd7 14. Rc1 a5 15. Ne5 Bxe5 16. dxe5 Ng4 17. Bd4 Nxd4 18. Nxd4 Rf4 19. Nf3 Raf8 20. Be2 Bb5 21. Bxb5 Qxb5 22. Rc3 d4 23. Rc4 Rxf3 24. gxf3 Nxe5 25. Qe2 Nxf3+ 26. Kh1 Qd5 0-1

[Event "Erfurt op-A 29th"]
[Site "Erfurt"]
[Date "2019.12.27"]
[Round "3"]
[White "Bonnelykke, Ole"]
[Black "Schoenfeld, Volker"]
[Result "1/2-1/2"]
[WhiteElo "2059"]
[BlackElo "1968"]
[PlyCount "20"]
[EventDate "2019.12.26"]
[EventType "swiss"]
[EventRounds "8"]
[EventCountry "GER"]
[SourceTitle "CBM 194 Extra"]
[Source "ChessBase"]
[SourceDate "2020.03.31"]
[SourceVersion "1"]
[SourceVersionDate "2020.03.31"]
[SourceQuality "1"]

1. e4 c6 2. Ne2 d5 3. e5 c5 4. d4 Nc6 5. f4 Bg4 6. Be3 Qb6 7. dxc5 Qxb2 8. Bd4 Bxe2 9. Bxb2 Bxd1 10. Kxd1 e6 1/2-1/2

[Event "Erfurt op-A 29th"]
[Site "Erfurt"]
[Date "2019.12.27"]
[Round "2"]
[White "Schoenfeld, Volker"]
[Black "Chassard, Cedric"]
[Result "1/2-1/2"]
[WhiteElo "1968"]
[BlackElo "2049"]
[PlyCount "92"]
[EventDate "2019.12.26"]
[EventType "swiss"]
[EventRounds "8"]
[EventCountry "GER"]
[SourceTitle "CBM 194 Extra"]
[Source "ChessBase"]
[SourceDate "2020.03.31"]
[SourceVersion "1"]
[SourceVersionDate "2020.03.31"]
[SourceQuality "1"]

1. e4 e5 2. Nc3 Nf6 3. f4 d5 4. fxe5 Nxe4 5. Qf3 Nxc3 6. bxc3 Qh4+ 7. g3 Qe4+ 8. Qxe4 dxe4 9. Bg2 Nd7 10. e6 Nc5 11. exf7+ Kxf7 12. Ne2 Bd6 13. 0-0+ Ke7 14. Nd4 Be6 15. Nxe6 Kxe6 16. Bh3+ Ke7 17. d3 Ne6 18. Re1 Kf6 19. Bxe6 Kxe6 20. Rxe4+ Kd7 21. Bf4 Rhf8 22. Rd4 Rae8 23. Bxd6 cxd6 24. Rf1 Rxf1+ 25. Kxf1 Re5 26. Rg4 g6 27. Rh4 Ra5 28. Rxh7+ Kc6 29. Ke2 Rxa2 30. Kd2 Ra1 31. c4 a5 32. Kc3 Rb1 33. Rh8 b6 34. Rh7 b5 35. cxb5+ Rxb5 36. Rh4 d5 37. Rg4 Rc5+ 38. Kb3 Rb5+ 39. Ka3 Rc5 40. c4 dxc4 41. dxc4 g5 42. Rd4 Rf5 43. Ka4 Rf2 44. Rg4 Rxh2 45. Rxg5 Ra2+ 46. Kb3 Rg2 1/2-1/2

[Event "Jena Fair op 8th"]
[Site "Jena"]
[Date "2008.10.16"]
[Round "4"]
[White "Sobolevsky, Leonid"]
[Black "Schoenfeld, Volker"]
[Result "1-0"]
[WhiteElo "2303"]
[BlackElo "1973"]
[PlyCount "39"]
[EventDate "2008.10.15"]
[EventType "swiss"]
[EventRounds "9"]
[EventCountry "GER"]
[SourceTitle "EXT 2009"]
[Source "ChessBase"]
[SourceDate "2008.11.26"]
[SourceVersion "1"]
[SourceVersionDate "2008.11.26"]
[SourceQuality "1"]

1. e4 e5 2. Nf3 Nc6 3. d4 exd4 4. c3 d5 5. Bd3 Bg4 6. Qb3 Rb8 7. exd5 Bxf3 8. gxf3 Ne5 9. Bb5+ c6 10. cxd4 Qa5+ 11. Kd1 Nd7 12. Bc4 Bd6 13. dxc6 bxc6 14. Bxf7+ Kf8 15. Qe6 Qc7 16. Nc3 Ngf6 17. Ne4 Bf4 18. Re1 Bxc1 19. Rxc1 Qf4 20. Nd2 1-0

[Event "Thueringen-ch"]
[Site "Jena"]
[Date "2006.04.14"]
[Round "4"]
[White "Schoenfeld, Volker"]
[Black "Missbach, Bernd"]
[Result "1/2-1/2"]
[WhiteElo "2035"]
[BlackElo "2171"]
[PlyCount "52"]
[EventDate "2006.04.12"]
[EventType "swiss"]
[EventRounds "9"]
[EventCountry "GER"]
[SourceTitle "EXT 2007"]
[Source "ChessBase"]
[SourceDate "2006.11.23"]
[SourceVersion "1"]
[SourceVersionDate "2006.11.23"]
[SourceQuality "1"]

1. e4 g6 2. d4 Bg7 3. Nc3 d6 4. f4 Nd7 5. Nf3 c5 6. d5 a6 7. a4 b6 8. Bd3 Bb7 9. 0-0 Ngf6 10. Qe2 0-0 11. Kh1 Re8 12. Be3 e6 13. dxe6 fxe6 14. Bf2 d5 15. e5 c4 16. Bxc4 Nh5 17. Bb3 Nc5 18. Bg3 Nxg3+ 19. hxg3 Nxb3 20. cxb3 Qe7 21. Qe3 Rab8 22. Rac1 Bf8 23. Ne2 Qb4 24. Ned4 Bc5 25. Qc3 a5 26. Qxb4 axb4 1/2-1/2

[Event "Jena Fair op"]
[Site "Jena"]
[Date "2005.10.21"]
[Round "8"]
[White "Reichelt, Holger"]
[Black "Schoenfeld, Volker"]
[Result "1/2-1/2"]
[WhiteElo "1976"]
[BlackElo "1883"]
[PlyCount "33"]
[EventDate "2005.10.18"]
[EventType "swiss"]
[EventRounds "8"]
[EventCountry "GER"]
[SourceTitle "EXT 2006"]
[Source "ChessBase"]
[SourceDate "2005.11.24"]
[SourceVersion "1"]
[SourceVersionDate "2005.11.24"]
[SourceQuality "1"]

1. d4 Nf6 2. Nf3 g6 3. c4 Bg7 4. Nc3 d5 5. cxd5 Nxd5 6. e4 Nxc3 7. bxc3 c5 8. Rb1 0-0 9. Be2 Nc6 10. d5 Ne5 11. Nxe5 Bxe5 12. Qd2 e6 13. 0-0 exd5 14. exd5 Qc7 15. h3 Bf5 16. Bd3 Bxd3 17. Qxd3 1/2-1/2

[Event "Jena Fair op"]
[Site "Jena"]
[Date "2005.10.18"]
[Round "1"]
[White "Struk, Jerzy"]
[Black "Schoenfeld, Volker"]
[Result "1-0"]
[WhiteElo "2232"]
[BlackElo "1883"]
[PlyCount "106"]
[EventDate "2005.10.18"]
[EventType "swiss"]
[EventRounds "8"]
[EventCountry "GER"]
[SourceTitle "EXT 2006"]
[Source "ChessBase"]
[SourceDate "2005.11.24"]
[SourceVersion "1"]
[SourceVersionDate "2005.11.24"]
[SourceQuality "1"]

1. e4 e5 2. Nf3 Nc6 3. Bb5 a6 4. Ba4 Nf6 5. 0-0 Nxe4 6. d4 exd4 7. Re1 d5 8. Nxd4 Bd6 9. Qf3 Bd7 10. Nxc6 bxc6 11. Nd2 0-0 12. Nxe4 dxe4 13. Rxe4 c5 14. Bxd7 Qxd7 15. Be3 Rab8 16. b3 Qc6 17. Ra4 Qxf3 18. gxf3 Rb6 19. Rd1 Ra8 20. Rd5 Rb4 21. Bxc5 Rxa4 22. bxa4 Bxc5 23. Rxc5 Ra7 24. Kf1 Kf8 25. Ke2 Ke7 26. Kd3 Kd6 27. Rh5 h6 28. Kc4 c6 29. Ra5 Ra8 30. Rf5 Ra7 31. Kb4 f6 32. Kc4 Rb7 33. Ra5 Rb2 34. Kc3 Rb6 35. Rf5 Rb1 36. Ra5 Rb6 37. h4 g6 38. f4 Ke6 39. a3 Kd6 40. h5 g5 41. fxg5 fxg5 42. Rf5 Ke6 43. Rf8 Ke5 44. Kc4 g4 45. Kc5 Rb2 46. c4 Rb3 47. Kxc6 Rh3 48. c5 Rxh5 49. Kd7 Ke4 50. c6 Rd5+ 51. Ke6 Re5+ 52. Kd6 Rd5+ 53. Kc7 Rd2 1-0